|
|
|
|
| LEADER |
01434nam a2200373 a 4500 |
| 001 |
000763878 |
| 003 |
CZ BrMZK |
| 005 |
20171109103038.0 |
| 007 |
ta |
| 008 |
050217s2004 xr er 000 p cze d |
| 015 |
|
|
|a cnb001252418
|
| 020 |
|
|
|a 80-7185-601-0
|q (váz.) :
|c Kč 129,00
|
| 035 |
|
|
|a (OCoLC)85125885
|
| 040 |
|
|
|a BOA001
|b cze
|
| 041 |
1 |
|
|a cze
|h lat
|
| 072 |
|
7 |
|a 821.124-1
|x Latinská poezie, latinsky psaná
|2 Konspekt
|9 25
|
| 080 |
|
|
|a 821.124-1
|2 MRF
|
| 080 |
|
|
|a (0:82-1)
|2 MRF
|
| 100 |
0 |
|
|a Vergilius,
|d 70 př. Kr.-19 př. Kr.
|7 jn19981002320
|4 aut
|
| 245 |
1 |
0 |
|a Zpěvy pastýřské /
|c Vergilius ; přeložila Helena Kurzová
|
| 250 |
|
|
|a Vyd. tohoto překladu 2., v nakladatelství Paseka 1.
|
| 260 |
|
|
|a Praha ;
|a Litomyšl :
|b Paseka,
|c 2004
|
| 300 |
|
|
|a 101 s. ;
|c 18 cm
|
| 490 |
1 |
|
|a Klub přátel poezie. Výběrová řada ;
|v roč. 2002/2003
|
| 500 |
|
|
|a Přeloženo z latiny
|
| 504 |
|
|
|a Obsahuje bibliografické odkazy
|
| 655 |
|
7 |
|a latinská poezie
|7 fd132725
|2 czenas
|
| 700 |
1 |
|
|a Kurzová, Helena,
|d 1936-
|7 jk01071028
|4 trl
|
| 830 |
|
0 |
|a Klub přátel poezie (Paseka).
|p Výběrová řada
|0 s
|
| 856 |
4 |
1 |
|u http://www.digitalniknihovna.cz/mzk/uuid/uuid:00154d90-ded3-11e5-a3e0-005056827e51
|y Digitalizovaný dokument
|x NDK
|
| 910 |
|
|
|a BOA001
|b 1-1147.525
|
| 990 |
|
|
|a BK
|
| 991 |
|
|
|b 200504
|
| 996 |
6 |
|
|b 2610242431
|c 1-1147.525
|l MZK
|r Sklad / do 1 hodiny
|n 15
|p p.v.
|w 000763878
|u 000010
|a 1
|e BOA001
|j MZK50
|s P
|